| 000 | 01656nam2a2200277 4500 | ||
|---|---|---|---|
| 001 | rc\2999202 | ||
| 005 | 20250530005944.0 | ||
| 035 | _a(NLR Aleph) 007142730 | ||
| 090 |
_a7072102 _c7072102 |
||
| 100 | _a20110919d1936 |||y0rusy50 ca | ||
| 101 | 0 |
_arus _deng _eeng |
|
| 102 | _aRU | ||
| 105 | _aab z 000cy | ||
| 200 | 0 | _aВып. 23 | |
| 210 |
_d1936 _aБ. м. |
||
| 215 |
_a159 с., [2] л. карты _cил., табл. |
||
| 300 | _aРез. англ. | ||
| 320 | _aБиблиогр. в конце очерков | ||
| 327 | 1 | _aСодерж.: Геоморфологический очерк бассейнов верхнего течения рр. Лены и Киренги / Н. В. Думитрашко. Геоморфологический очерк Лено-Байкальского водораздела / М. П. Бархатова. Материалы по геоморфологии долины нижнего течения р. Амура / С. Л. Кушев | |
| 461 | 0 |
_1001rc\2832388 _12001#$aТруды Института географии$fАкадемия наук Союза советских социалистических республик$vВып. 23 _95620192 _aИнститут географии (Москва) _cМосква _d1931-1946 _fАкадемия наук Союза советских социалистических республик _nИзд-во Академии наук СССР _tТруды Института географии _vВып. 23 |
|
| 801 | 0 |
_aRU _bNLR _gpsbo |
|
| 801 | 1 |
_aRU _bELAR _2rusmarc |
|
| 852 |
_aNLR _j32-19/309(23) |
||
| 942 | _cBOOK | ||
| 980 | _aNB | ||